Баббиты кальциевые. Методы спектрального анализа; ГОСТ 9519.1-77 Баббиты кальциевые. Метод спектрального анализа по литым металлическим градуировочным образцам; ГОСТ 9519.2-77 Баббиты кальциевые. Метод спектрального анализа по синтетическим граудировочным образцам; ГОСТ 9519.3-77 Баббиты кальциевые. Метод атомно-абсорбционного спектрального анализа

Bibliografiset tiedot
Yhteisötekijä: СССР Государственный комитет стандартов (Госстандарт)
Kieli:venäjä
Julkaistu: Москва, Изд-во стандартов, 1977
Painos:Изд. офиц.
TOC:ГОСТ 9519.1-77 Баббиты кальциевые. Метод спектрального анализа по литым металлическим градуировочным образцам;
ГОСТ 9519.2-77 Баббиты кальциевые. Метод спектрального анализа по синтетическим граудировочным образцам;
ГОСТ 9519.3-77 Баббиты кальциевые. Метод атомно-абсорбционного спектрального анализа;
Sarja:Государственные стандарты
Aiheet:
Aineistotyyppi: MixedMaterials Kirja
KOHA link:https://koha.lib.tpu.ru/cgi-bin/koha/opac-detail.pl?biblionumber=152698

MARC

LEADER 00000nam0a2200000 4500
001 152698
005 20231031151120.0
035 |a (RuTPU)RU\TPU\book\165556 
035 |a RU\TPU\book\165554 
090 |a 152698 
100 |a 20090204d1977 km y0rusy50 ca 
101 0 |a rus 
102 |a RU 
105 |a a l 000zy 
200 1 |a Баббиты кальциевые. Методы спектрального анализа 
205 |a Изд. офиц. 
210 |a Москва  |c Изд-во стандартов  |d 1977 
215 |a 16 с.  |c ил. 
225 1 |a Государственные стандарты 
464 |t ГОСТ 9519.1-77 Баббиты кальциевые. Метод спектрального анализа по литым металлическим градуировочным образцам 
464 |t ГОСТ 9519.2-77 Баббиты кальциевые. Метод спектрального анализа по синтетическим граудировочным образцам 
464 |t ГОСТ 9519.3-77 Баббиты кальциевые. Метод атомно-абсорбционного спектрального анализа 
610 1 |a ГОСТы 
610 1 |a стандарты 
610 1 |a баббиты 
610 1 |a методы 
610 1 |a спектральный анализ 
712 0 1 |a СССР  |b Государственный комитет стандартов (Госстандарт)  |c (1970-1978)  |2 stltpush  |3 (RuTPU)RU\TPU\col\4389 
801 1 |a RU  |b 63413507  |c 20021204  |g PSBO 
801 2 |a RU  |b 63413507  |c 20221208  |g PSBO 
942 |c BK